| Tag |
First Indicator |
Second Indicator |
Subfields |
| LEADER |
00000nam a2200000Ia 4500 |
| 001 |
in00004301921 |
| 005 |
20200810085135.0 |
| 006 |
m g d |
| 007 |
cr bn |||a|bb| |
| 008 |
861021s1641 enk o 00| | eng d |
| 035 |
|
|
|a (OCoLC)14444487
|
| 040 |
|
|
|c EAG
|d WaOLN
|
| 037 |
|
|
|a CL0037000035
|b ProQuest Information and Learning. 300 N. Zeeb Rd., Ann Arbor, MI 48106
|
| 043 |
|
|
|a e-uk---
|
| 045 |
2 |
|
|b d1625
|b d1649
|
| 090 |
|
|
|a DA398
|b .H49 1641
|
| 049 |
|
|
|a EAGA
|
| 100 |
1 |
|
|a Heywood, Thomas,
|d d. 1641.
|
| 245 |
1 |
0 |
|a Machiavel, as he lately appeared to his deare sons, the modern proiectors :
|b divulged for the pretended good of the kingdomes of England, Scotland, and Ireland.
|
| 260 |
|
|
|a London :
|b Printed by J.O. for Francis Constable ...,
|c 1641.
|
| 300 |
|
|
|a 1 online resource ([30] pages)
|
| 336 |
|
|
|a text
|b txt
|2 rdacontent
|
| 337 |
|
|
|a computer
|b c
|2 rdamedia
|
| 338 |
|
|
|a online resource
|b cr
|2 rdacarrier
|
| 500 |
|
|
|a In verse and prose.
|
| 500 |
|
|
|a Attributed by Wing to Heywood.
|
| 500 |
|
|
|a "Printed by authority: In the yeare of grace 1641."
|
| 500 |
|
|
|a Reproduction of original in the Bodleian Library.
|
| 510 |
4 |
|
|a Wing
|c H1787
|
| 533 |
|
|
|a Electronic reproduction.
|b Ann Arbor, Mich. :
|c UMI,
|d 1999-
|f (Early English books online)
|n Digital version of: (Early English books, 1641-1700 ; 1060:11)
|7 s1999 miun s
|
| 651 |
|
0 |
|a Great Britain
|x Politics and government.
|
| 651 |
|
0 |
|a Great Britain
|x History
|y Charles I, 1625-1649.
|
| 740 |
0 |
|
|a Machiavel.
|
| 830 |
|
0 |
|a Early English books online.
|
| 856 |
4 |
0 |
|u http://proxy.library.tamu.edu/login?url=https://search.proquest.com/docview/2248498579
|z Connect to the full text of this electronic book
|t 0
|
| 999 |
f |
f |
|s deb4cdd8-0266-3167-8f74-92300ccace6e
|i 2d02d20e-0741-3542-b5c9-ba737b9ac05d
|t 0
|
| 952 |
f |
f |
|a Texas A&M University
|b College Station
|c Electronic Resources
|d Available Online
|t 0
|e DA398 .H49 1641
|h Library of Congress classification
|
| 998 |
f |
f |
|a DA398 .H49 1641
|t 0
|l Available Online
|